000 00308nam a22001337a 4500
008 170710b xxu||||| |||| 00| 0 eng d
020 _a0915473607
041 _aeng
080 _a030
100 _a23
101 _aENC
245 _aENCYCLOPEDIA OF WOMEN'S HEALTH AND WELLNES
_cBEREK,J.S
942 _2udc
_cBK
999 _c20143
_d20143